Normal view
MARC view
- Auditors' reports
Entry Topical Term
001 - CONTROL NUMBER
- control field: 8905
003 - CONTROL NUMBER IDENTIFIER
- control field: OSt
005 - DATE AND TIME OF LATEST TRANSACTION
- control field: 20170607145029.0
008 - FIXED-LENGTH DATA ELEMENTS
- fixed length control field: 170607|| aca||aabn | a|a d
040 ## - CATALOGING SOURCE
- Original cataloging agency: OSt
- Transcribing agency: OSt
150 ## - HEADING--TOPICAL TERM
- Topical term or geographic name entry element: Auditors' reports
- Geographic subdivision: Malaysia
- Form subdivision: Periodicals
670 ## - SOURCE DATA FOUND
- Source citation: Work cat.: (OSt)0: Laporan Akaun Belum Terima Tunggakan Hasil Berakhir Pada 30 Jun 2004 (Setengah Tahun Pertama 2004), 2001

PORTAL AKMAL
E-MEL JKDM
AKMAL2U
G-BAM
u-PUSTAKA